Production and Operation Management: with skill development, caselets and cases (Record no. 52488)

000 -LEADER
fixed length control field 00425nam a2200145Ia 4500
020 ## - INTERNATIONAL STANDARD BOOK NUMBER
International Standard Book Number 9.7893951618e+012
082 ## - DEWEY DECIMAL CLASSIFICATION NUMBER
Classification number 658.5
Item number KUM/P
100 ## - MAIN ENTRY--PERSONAL NAME
Personal name 20260330u\\\\\\\\\\\y0engy0103\\\\ba
100 ## - MAIN ENTRY--PERSONAL NAME
Personal name Kumar, S Anil
245 #0 - TITLE STATEMENT
Title Production and Operation Management: with skill development, caselets and cases
250 ## - EDITION STATEMENT
Edition statement 3rd
260 ## - PUBLICATION, DISTRIBUTION, ETC.
Place of publication, distribution, etc. New Delhi
Name of publisher, distributor, etc. New Age International Publishers
Date of publication, distribution, etc. 2025
300 ## - PHYSICAL DESCRIPTION
Extent 280p.
942 ## - ADDED ENTRY ELEMENTS (KOHA)
Koha item type Book

No items available.

All Rights Reserved@MUIT

Powered by Koha